Goverment finance: economics of the public sector

שמור ב:
מידע ביבליוגרפי
מחבר ראשי: Due, John Fitzgerald (Author)
פורמט: ספר
שפה:אנגלית
יצא לאור: Homewood Richard D. Irwin 1981
מהדורה:7a. ed
נושאים:
תגים: הוספת תג
אין תגיות, היה/י הראשונ/ה לתייג את הרשומה!

MARC

LEADER 00000nam a2200000 a 4500
001 UCW9179
003 CL-VaPUC
008 881215e19810000US |||||||||||||||||eng|d
082 0 4 |a 354.73  |b DUE  |2 21 
100 0 |a Due, John Fitzgerald  |e author  |9 314335 
245 1 0 |a Goverment finance: economics of the public sector 
250 |a 7a. ed 
300 |a 565 p 
942 |c BK 
945 |d 19881215 00:00:00 
260 |a Homewood  |b Richard D. Irwin  |c 1981 
650 0 |a Hacienda pública  |9 258673 
651 0 |a Estados Unidos  |9 255178 
583 |a last modification  |c 19881215 00:00:00  |k Rodrigo Vera 
999 |c 221209  |d 221207